26 Apodos de jugadores argentinos. - Estadísticas

Estadísticas generales
  • Esta prueba ha sido intentada 162 veces
  • La puntuación promedio es 14 de 26
Estadísticas de respuestas
% Correcto
Sergio "Kun" Agüero
96%
Lionel "Pulga" Messi
90%
Sebastián "Bruja" Veron
83%
Diego "Pelusa" Maradona
81%
Roberto "Pato" Abbondanzieri
80%
Diego "Cholo" Simeone
77%
Gonzalo "Pipita" Higuaín
77%
Ariel "Burrito" Ortega
72%
Mario "Matador" Kempes
65%
Pablo "Payasito" Aimar
61%
Javier "Conejito" Saviola
56%
Óscar "Cabezón" Ruggeri
55%
Carlos "Virrey" Bianchi
47%
Rodrigo "Chapu" Braña
44%
Ernesto "Tecla" Farias
44%
Antonio "Chipi" Barijho
42%
Daniel "Kaiser" Passarella
41%
Jorge "Fatura" Broun
39%
Américo "Tolo" Gallego
39%
Alejandro "Pachorra" Sabella
37%
César "Picante" Pereyra
30%
Julio "Jardinero" Cruz
28%
Danilo "Paco" Gerlo
27%
José "Garrafa" Sánchez
20%
Daniel "Hachita" Ludueña
19%
Leonardo "Golosina" Pisculichi
10%
No se encontraron pruebas coincidentes
Distribución de puntuación
Porcentaje de gente con cada puntuación
Porcentaje por número respondido
Historial de tus puntuaciones
No has intentado esta prueba.